000 00704nam a22001817a 4500
005 20251108173045.0
008 250721s2001 xx 000 0 ara d
082 1 4 _a370.19/وطف
100 1 _aوطفة، علي أسعد
245 1 0 _aواقع التنشئة الإجتماعية و إتجاهاتها - دراسة ميدانية عن محافظة القنيطرة السورية /
264 1 _aأبو ظبي :
_bمركز الإمارات للدراسات و البحوث الإستراتيجية،
_c2001.
300 _a131 ص.
490 0 _aدراسات إستراتيجية
_v58
650 1 7 _aالتنشئة الإجتماعية
650 1 7 _aسورية
942 _2ddc
_cBK
999 _c95062
_d95062